00483nam a2200181 a 4500001001300000003000900013005001700022008004100039020002300080082001400103100001700117245004100134260004400175300001000219500003500229650002000264700001700284nice12345678IN_TiNIC20260116014015.0131003s2008 newa grp 000 0 eng  a9780140449617c29900a823bTOL1 aTolstoy, Leo aDeath of Ivan Ilyich & Other Stories aNew Delhi, India bPenguin Books c2008 a317p  aincludes index and biblioraphy aFiction-English1 aTolstoy, Leo